00326nam a2200121Ia 45000030006000000080041000060400015000471000019000622450044000812600050001255460012001750050017001870STCL150530s9999 xx 000 0 und d aSTCLcSTCL aRandhawa, M.S. aHistory of Agriculture in India Vol III bIndian Council of Agricultural Researchc1983 aEnglish20220125170403.0